Sezónnosť najväčšou výhodou komodít
Komoditné trhy ako možnosť diverzifikácie rizika pre investorov po celom svete. Výhody investovania na komoditných trhoch. Prehľad komoditných búrz vo svete, ich stručná charakteristika.
Salvato in:
| Autore principale: | |
|---|---|
| Natura: | Capitolo di libro |
| Lingua: | slovacco |
| Soggetti: | |
| Tags: |
Nessun Tag, puoi essere il primo ad aggiungerne!!
|
MARC
| LEADER | 00000naa$a2200000$$$4500 | ||
|---|---|---|---|
| 001 | 0002492 | ||
| 005 | 20230925124123.5 | ||
| 041 | 0 | |a slo | |
| 044 | |a SK | ||
| 245 | 1 | 0 | |a Sezónnosť najväčšou výhodou komodít |c aut. Vladimír Ješko |
| 520 | |a Komoditné trhy ako možnosť diverzifikácie rizika pre investorov po celom svete. Výhody investovania na komoditných trhoch. Prehľad komoditných búrz vo svete, ich stručná charakteristika. | ||
| 610 | 2 | 0 | |a burzy komoditné |
| 610 | 2 | 0 | |a trh finančný |
| 610 | 2 | 0 | |a investori |
| 610 | 2 | 0 | |a komodity |
| 610 | 2 | 0 | |a riziko |
| 610 | 2 | 0 | |a poľnohospodárstvo |
| 100 | 1 | |a Ješko, Vladimír | |